International Research Journal of Multidisciplinary- Practices, Community and Public Health (IRJMPCH) (Record no. 37346)

MARC details
000 -LEADER
fixed length control field 00502nam a2200145Ia 4500
022 ## - INTERNATIONAL STANDARD SERIAL NUMBER
ISSN 3043-4793
050 ## - CALL MARK
Classification number RA 427. I58
245 ## - TITLE STATEMENT
Title International Research Journal of Multidisciplinary- Practices, Community and Public Health (IRJMPCH)
250 ## - EDITION / VOLUME STATEMENT
Edition / Volume statement Vol. 1, No. 2
260 ## - PUBLICATION, DISTRIBUTION, ETC. (IMPRINT)
Place of publication Nigeria
Name of publisher NIC Maurice College of Health, Managment Science and Technology
Year of publication 2024
300 ## - PHYSICAL DESCRIPTION
Number of Pages ill. ; 27 cm.
650 ## - SUBJECT ADDED ENTRY--TOPICAL TERM
Topical Term Medicine--Periodicals, Public Health --Periodicals
942 ## - ADDED ENTRY ELEMENTS (KOHA)
Koha item type Serials
Source of classification Library of Congress Classification

No items available.